000 00705nam a2200253 a 4500
001 72463
003 BD-RjUL
005 20211209082250.0
008 180517r19721969enka b 001 0 eng d
035 _a(BD-RjUL)72681
040 _aDLC
_cDLC
_dDLC
_dBD-RjUL
_beng
041 _aeng
082 0 0 _a551.457
_bSTS 1972
_223
100 1 _aSteers, J. A.
_926568
245 1 4 _aThe sea coast /
_cJ. A. Steers
250 _a4th ed.
260 _aLondon :
_bCollins,
_c1969 [Reprinted 1972].
300 _axii, 292 p. :
_bill. ;
_c23 cm.
490 1 _aThe New naturalist ;
504 _aIncludes Bibliography and index.
650 0 _aCoasts
_933528
830 _aThe New naturalist ;
_9217897
942 _2ddc
_cBK
999 _c72463
_d72463